Statistics for Halle Berry Filmography

Click here to take the quiz!

General Stats

  • This quiz has been taken 57 times
    (7 since last reset)
  • The average score is 12 of 69

Answer Stats

TypeYearName% Correct
TV Show2003Saturday Night Live
80%
Film2003X2
80%
Film2000X-Men
80%
Film2006X-Men: The Last Stand
60%
Film1994The Flintstones
60%
Film2004Catwoman
60%
Film2003Gothika
60%
Film2001Monster's Ball
60%
Film2001Swordfish
60%
TV Show2011The Simpsons
60%
Film2014X-Men: Days of Future Past
40%
Film1995Losing Isaiah
40%
Film2002Die Another Day
40%
Film2017Kingsman: The Golden Circle
40%
Film2017Kings
40%
Production2019Boomerang
40%
Film2019John Wick: Chapter 3 - Parabellum
40%
Film1992Boomerang
40%
TV Mini-Series1993Alex Haley's Queen
20%
TV Film2005Their Eyes Were Watching God
20%
Film2005Robots
20%
Film1991The Last Boy Scout
20%
Film1991Jungle Fever
20%
TV Film1999Introducing Dorothy Dandridge
20%
TV Show1998, 2002MADtv
20%
Film2011New Year's Eve
20%
TV Film1998The Wedding
20%
Film2017Kidnap
20%
Film1998Bulworth
20%
Film1997B*A*P*S
20%
Film2013The Call
20%
Short Film2020Boss B***h Fight Challenge
0%
Stand-Up Special2016Kevin Hart: What Now?
0%
Film2022Moonfall
0%
TV Show2014-2015Extrant
0%
Film2010Frankie & Alice
0%
TV Documentary2010For Love of Liberty: The Story of America's Black Patriots
0%
Film2020Bruised
0%
TV Show2017Drop the Mic
0%
Film2013Movie 43
0%
Award Show2009The 40th NAACP Image Awards
0%
Film2012Cloud Atlas
0%
Film2012Dark Tide
0%
TV Show2012Sesame Street
0%
TV Show1989Living Dolls
0%
Film2007Things We Lost in the Fire
0%
Film1996Executive Decision
0%
Film1991Strictly Business
0%
TV Show1991Amen
0%
TV Show1991They Came from Outer Space
0%
TV Show1991Knots Landing
0%
TV Show1991A Different World
0%
Film1993Father Hood
0%
Film1993The Program
0%
Award Show199325th NAACP Image Awards
0%
TV Film1995Solomon & Sheba
0%
Film1996Race the Sun
0%
Film2007Perfect Stranger
0%
Film1996The Rich Man's Wife
0%
TV Show1996Martin
0%
Award Show19961996 Essence Awards
0%
Award Show1997The 1997 World Music Awards
0%
Award Show199710th Anniversary Essence Awards
0%
Film1998Why Do Fools Fall in Love
0%
TV Show1998Fraiser
0%
Music Video1998Ghetto Supastar (That Is What You Are)
0%
TV Show2002The Bernie Mac Show
0%
Music Video2003Behind Blue Eyes
0%
FilmTBAThe Mothership
0%

Score Distribution

Percentile by Number Answered

Percent of People with Each Score

Your Score History

You have not taken this quiz since the last reset